Oxygen štvrťročník strany Zelených v Novom Meste nad Váhom

Bibliographic Details
Format: Journal
Language:Slovak
PhysicalDescription:zv. 21 cm
Published: Nové Mesto nad Váhom MO SZS [1993]-
Subjects:

MARC

LEADER 00000nas a2200000 a 4500
001 vtls012054706
003 SK-MaSNL
005 20260425194311.0
008 210519c19939999xo qr|p 0 0slo
040 |a SNK  |b slo  |c SNK  |e AACR2 
041 0 |a slo 
044 |a xo  |c SK 
072 7 |a 502  |x Životné prostredie a jeho ochrana  |2 konspekt 
080 |a 502.17  |2 2011 
080 |a 050  |2 2011 
080 |a (051)-048.55  |2 2011 
080 |a 502/504  |2 2011 
245 0 0 |a Oxygen  |b štvrťročník strany Zelených v Novom Meste nad Váhom 
260 |a Nové Mesto nad Váhom  |b MO SZS  |c [1993]- 
300 |a zv.  |c 21 cm 
310 |a 4x ročne 
500 |a Popis podľa: Č. 1 (1995) 
500 |a Zmena podnázvu: od č. 2/1995, štvrťročník priateľov Zeme v Novom Meste nad Váhom 
500 |a Registračné č.: 05-456/93 RK 
650 0 7 |a ochrana prírody  |2 SNKPH  |9 3778 
650 0 7 |a životné prostredie  |2 SNKPH  |9 786 
655 7 |a špecializované časopisy  |2 SNKPH  |9 70509 
910 |a snk 
999 |c 9972  |d 11902 
952 |t č. 1-4  |a SNK  |b SNK  |y PREZ  |7 0  |p 17A1433436  |o snkČSC 4154/1995  |i snk2021/5062  |8 0  |0 0  |1 0  |4 0  |d 2021-05-19  |l 0  |r 2026-02-21 19:52:45  |w 2026-02-21 
952 |t č. 1-4  |a SNK  |b SNK  |y PREZ  |7 0  |p 17A1433437  |o snkČSC 4154/1996  |i snk2021/5064  |8 0  |0 0  |1 0  |4 0  |d 2021-05-19  |l 0  |r 2026-02-21 19:52:45  |w 2026-02-21 
952 |t č. 1-2  |a SNK  |b SNK  |y PREZ  |7 0  |p 17A1433438  |o snkČSC 4154/1997  |i snk2021/5066  |8 0  |0 0  |1 0  |4 0  |d 2021-05-19  |l 0  |r 2026-02-21 21:40:01  |w 2026-02-21 
952 |t č. 1-4  |a SNK  |b SNK  |y PREZ  |7 0  |p 17A1433439  |o snkČSC 4154/1995 D1  |i snk2021/5070  |8 0  |0 0  |1 0  |4 0  |d 2021-05-19  |l 0  |r 2026-02-21 21:40:01  |w 2026-02-21 
952 |t č. 1-4  |a SNK  |b SNK  |y PREZ  |7 0  |p 17A1433440  |o snkČSC 4154/1996 D1  |i snk2021/5072  |8 0  |0 0  |1 0  |4 0  |d 2021-05-19  |l 0  |r 2026-02-21 21:40:01  |w 2026-02-21 
952 |t č. 1-2  |a SNK  |b SNK  |y PREZ  |7 0  |p 17A1433441  |o snkČSC 4154/1997 D1  |i snk2021/5075  |8 0  |0 0  |1 0  |4 0  |d 2021-05-19  |l 0  |r 2026-02-21 21:40:01  |w 2026-02-21